000 00218nam a22000977a 4500
999 _c168276
_d168276
082 _a
_b
245 _aSarya Marsana Samgraha/
_cby Madanva Acharya.
260 _aNew Delhi:
_bCosmo,
_c1976.
650 _a
942 _cBK